000 03250nam a22005417a 4500
001 15029700
003 OSt
005 20210421055618.0
008 061212r20072007nyuaf b 001 0beng
010 _a 2006101603
020 _a9780307353405
020 _a0307353400
035 _a(OCoLC)ocm77004296
035 _a(OCoLC)77004296
_z(OCoLC)148892385
040 _aDLC
_cDLC
_dYDX
_dBTCTA
_dBAKER
_dJED
_dKLC
_dYDXCP
_dBUR
_dDLC
_beng
041 _aeng
043 _ae-gx---
_ae-uk---
050 0 0 _aD810.S8
_bC385 2007
080 _a92
_bM-12
082 0 0 _a940.54/8641092
_aB
_222
100 1 _aMacintyre, Ben,
_d1963-
245 1 0 _aAgent Zigzag :
_ba true story of Nazi espionage, love, and betrayal /
_cBen MacIntyre.
250 _a1st American ed.
260 _aNew York :
_bHarmony Books,
_cc2007.
300 _axii, 364 p., [16] p. of plates :
_bill. ;
_c24 cm.
365 _b25.95 usd
500 _aOriginally published: London : Bloomsbury, c2007.
504 _aIncludes bibliographical references (p. [311]-351) and index.
520 _aEddie Chapman was a charming criminal, a con man, and a philanderer. He was also one of the most remarkable double agents Britain has ever produced. In 1941, after training as a German spy in occupied France, Chapman was parachuted into Britain with orders to blow up an airplane factory. Instead, he contacted MI5, the British Secret Service. For the next four years, he worked as a double agent, a British spy at the heart of the German Secret Service. Crisscrossing Europe under different names, weaving plans, spreading disinformation, and miraculously keeping his stories straight under intense interrogation, he even managed to gain some profit and seduce beautiful women along the way. MI5 has now declassified all of Chapman's files, allowing the full story to be told, a unique glimpse into the psychology of espionage, with its thin and shifting line between fidelity and betrayal.--From publisher description.
600 1 0 _aChapman, Eddie.
650 0 _aWorld War, 1939-1945
_xSecret service
_zGermany.
650 0 _aBiography
_9237
650 0 _aWorld War, 1939-1945
_xSecret service
_zGreat Britain.
650 0 _aSpies
_zGreat Britain
_vBiography.
650 0 _aSpies
_zGermany
_vBiography.
650 0 _aEspionage
_zGermany
_xHistory
_y20th century.
650 0 _aEspionage
_zGreat Britain
_xHistory
_y20th century.
653 _aბიოგრაფია
653 _aმეორე მსოფლიო ომი
653 _aჯაშუშები
856 4 1 _3Table of contents only
_uhttp://www.loc.gov/catdir/toc/ecip076/2006101603.html
856 4 2 _3Publisher description
_uhttp://www.loc.gov/catdir/enhancements/fy0801/2006101603-d.html
856 4 2 _3Contributor biographical information
_uhttp://www.loc.gov/catdir/enhancements/fy0801/2006101603-b.html
856 4 1 _3Sample text
_uhttp://www.loc.gov/catdir/enhancements/fy0803/2006101603-s.html
906 _a7
_bcbc
_corignew
_d1
_eecip
_f20
_gy-gencatlg
942 _2udc
_cBK
_e1
999 _c613
_d613